SHL 24-25 teams - Statistics

General Stats
  • This quiz has been taken 123 times
  • The average score is 10 of 14
Answer Stats
Answer % Correct
Malmö Redhawks
79%
Färjestad BK
76%
Frölunda HC
76%
Skellefteå AIK
75%
Brynäs IF
74%
Leksands IF
72%
Växjö Lakers
69%
HV71
68%
MoDo
68%
Rögle BK
65%
Timrå IK
65%
Luleå HF
63%
Linköping HC
61%
Örebro HK
57%
No matching quizzes found
Score Distribution
Percent of People with Each Score
Percentile by Number Answered
Your Score History
You have not taken this quiz